00326nam a2200121Ia 4500008004100000041000800041082001700049100001900066245004500085260003900130300003000169365000500199240624s9999 xx 000 0 und d aeng a621.3822 HAY aHAYES MANSON H aSTATISTICAL DIGITAL SIGNAL PROCESSING AN c2005aSingaporebJohn Wiley & Sons axv, : 608 : p. : cm. ; 25 c